[Event "TCh-TUR 2011"]
[Site "Konya TUR"]
[Date "2011.06.29"]
[Round "2"]
[White "Sanal, Suna"]
[Black "Yigit, Aleyna"]
[Result "1-0"]
[WhiteElo "1685"]
[BlackElo "1732"]
[WhiteTeam "Bursa Tophane Meslek Lisesi S.K."]
[BlackTeam "Isek Aquamatch S.K."]
[WhiteFideId "6315380"]
[BlackFideId "6300235"]
[EventDate "2011.06.28"]

1. e4 e5 2. Nf3 Nc6 3. Nc3 Nf6 4. d4 exd4 5. Nxd4 Bb4 6. Nxc6 bxc6 7. Bd3 O-O 8.
O-O d5 9. exd5 cxd5 10. Bg5 c6 11. Qf3 Be7 12. h3 h6 13. Bh4 Rb8 14. Rab1 Rb4
15. Bg3 Bd6 16. a3 Rb6 17. Na4 Rb8 18. Rfe1 Be6 19. b4 Re8 20. Nc5 Bxg3 21. Qxg3
Nd7 22. Nxe6 fxe6 23. Bg6 Re7 24. Rb3 Rb6 25. Rbe3 c5 26. c3 cxb4 27. axb4 Nf8
28. Bc2 Qd6 29. Qxd6 Rxd6 30. f4 Nd7 31. Bb3 Kf7 32. c4 dxc4 33. Bxc4 Nb6 34.
Bb3 Kf6 35. g4 Nd5 36. Re4 Nc7 37. f5 e5 38. Kf2 Nb5 39. Rc1 Nd4 40. Bd1 Rb6 41.
Rc4 Reb7 42. Rc5 Re7 43. Rc4 Nb5 44. Re3 Nd6 45. Rc5 Rxb4 46. Rc6 Rd4 47. Be2
Rb7 48. Ra6 e4 49. Rea3 Rb2 50. Rxa7 Rdd2 51. Re3 Nb5 52. Ra6+ Kf7 53. Re6 Nd6
54. Ke1 Rdc2 55. Kd1 Rd2+ 56. Ke1 Rbc2 57. Bd1 Rb2 58. Be2 Nb5 59. R6xe4 Nd4 60.
Re7+ Kf6 61. R3e4 Ra2 62. Re8 Rab2 63. R8e7 Ra2 64. Re8 Nb3 65. Rb8 Nc1 66. Rbe8
Rab2 67. h4 Rdc2 68. Rf8# 1-0

[Event "TCh-TUR 2011"]
[Site "Konya TUR"]
[Date "2011.06.29"]
[Round "2"]
[White "Jannesar, Rad"]
[Black "Vatansever, Berk"]
[Result "1/2-1/2"]
[WhiteElo "1832"]
[BlackElo "1717"]
[WhiteTeam "Isek Aquamatch S.K."]
[BlackTeam "Bursa Tophane Meslek Lisesi S.K."]
[WhiteFideId "12515914"]
[BlackFideId "6324738"]
[EventDate "2011.06.28"]

1. e4 c6 2. d4 d5 3. Nc3 dxe4 4. Nxe4 Bf5 5. Ng3 Bg6 6. Nf3 Nd7 7. h4 h6 8. h5
Bh7 9. Bd3 Bxd3 10. Qxd3 Ngf6 11. Bf4 Qa5+ 12. Bd2 Qc7 13. O-O-O e6 14. Rde1
O-O-O 15. Qe2 Bd6 16. Ne5 Rhf8 17. f4 c5 18. Be3 Nd5 19. dxc5 Nxc5 20. Kb1 Bxe5
21. fxe5 Nxe3 22. Qxe3 Rd5 23. Ne4 Nxe4 24. Qxe4 Rfd8 25. a3 Rd4 26. Qh7 Rg4 27.
Rh3 Kb8 28. Rc3 Qe7 29. g3 Qg5 30. Rd3 Rxg3 31. Rxd8+ Qxd8 32. Qe4 Qd5 33. Qb4
a6 34. Qf8+ Ka7 35. Qxf7 Rg5 36. Qf2+ Kb8 37. Qf8+ Ka7 38. Qf2+ Kb8 1/2-1/2

[Event "TCh-TUR 2011"]
[Site "Konya TUR"]
[Date "2011.06.29"]
[Round "2"]
[White "Ulusoy, Nisan"]
[Black "Firat, Deniz"]
[Result "1-0"]
[WhiteElo "1585"]
[BlackElo "1635"]
[WhiteTeam "Bursa Tophane Meslek Lisesi S.K."]
[BlackTeam "Isek Aquamatch S.K."]
[WhiteFideId "6322247"]
[BlackFideId "6323332"]
[EventDate "2011.06.28"]

1. e4 c5 2. Nf3 d6 3. d4 cxd4 4. Nxd4 Nf6 5. Nc3 a6 6. Bg5 e6 7. f4 Qb6 8. Nb3
Nc6 9. Qd2 Be7 10. O-O-O Qc7 11. Be2 b5 12. Bf3 Bb7 13. Rhe1 b4 14. Ne2 a5 15.
Ned4 a4 16. Nb5 Qb6 17. N3d4 Nxd4 18. Nxd4 Rc8 19. Kb1 Rc7 20. e5 dxe5 21. Rxe5
Nd5 22. Bxd5 Bxd5 23. Bxe7 Rxe7 24. Nf5 Rd7 25. Qe2 O-O 26. Ne3 Bc6 27. Rxd7
Bxd7 28. Qe1 b3 29. cxb3 axb3 30. a3 Bb5 31. Ka1 Rc8 32. f5 Qc7 33. Qc3 Qxc3 34.
bxc3 Bd7 35. Kb2 Rb8 36. c4 Kf8 37. c5 f6 38. Re4 exf5 39. Rf4 g5 40. Rb4 Rc8
41. Rb7 Be6 42. Rb6 Kf7 43. c6 f4 44. Nd1 Bd5 45. g3 fxg3 46. hxg3 Rxc6 47. Rxc6
Bxc6 48. Kxb3 h5 49. Kc3 h4 50. gxh4 gxh4 51. Nf2 Bg2 52. Kd3 h3 53. Ng4 f5 54.
Nh2 f4 55. Ke2 Ke6 56. Kf2 Kd5 57. Kg1 Kc4 58. Ng4 Kd3 59. Kf2 Ke4 60. Nh2 Kf5
61. a4 Bb7 62. Ke2 Kg5 63. Kf1 Kh4 64. Kf2 Kg5 65. Kg1 Kh4 66. Kf2 Kg5 67. Kg1
Kf5 68. Kf1 Ke4 69. Kf2 Kd3 70. Ng4 Kd2 71. Nh2 Kc3 72. a5 Kb4 73. a6 Ba8 74.
Ng4 Kb5 75. Kg1 Kxa6 76. Kh2 Bg2 77. Nf2 Kb5 78. Nxh3 f3 79. Ng1 Bh1 80. Nxf3
Bxf3 1-0

[Event "TCh-TUR 2011"]
[Site "Konya TUR"]
[Date "2011.06.29"]
[Round "2"]
[White "Parligras, Mircea-Emilian"]
[Black "Solak, Dragan"]
[Result "1/2-1/2"]
[WhiteTitle "GM"]
[BlackTitle "GM"]
[WhiteElo "2626"]
[BlackElo "2588"]
[WhiteTeam "Deniz Genclik S.K."]
[BlackTeam "Besiktas Jimnastik Kulubu"]
[WhiteFideId "1204297"]
[BlackFideId "916811"]
[EventDate "2011.06.28"]

1. d4 d5 2. c4 c6 3. Nf3 Nf6 4. e3 Bf5 5. Nc3 e6 6. Nh4 Bg6 7. Bd2 Nbd7 8. Be2
dxc4 9. Nxg6 hxg6 10. Bxc4 Bd6 11. g3 e5 12. Qb3 O-O 13. O-O Nb6 14. Bd3 exd4
15. exd4 a5 16. a4 Bb4 17. Bxg6 Qxd4 1/2-1/2

[Event "TCh-TUR 2011"]
[Site "Konya TUR"]
[Date "2011.06.29"]
[Round "2"]
[White "Atakisi, Umut"]
[Black "Ibrahimov, Rasul"]
[Result "1/2-1/2"]
[WhiteTitle "IM"]
[BlackTitle "GM"]
[WhiteElo "2370"]
[BlackElo "2532"]
[WhiteTeam "Besiktas Jimnastik Kulubu"]
[BlackTeam "Deniz Genclik S.K."]
[WhiteFideId "6301037"]
[BlackFideId "13400495"]
[EventDate "2011.06.28"]

1. d4 Nf6 2. c4 e6 3. Nf3 b6 4. g3 Bb4+ 5. Bd2 Be7 6. Bg2 c6 7. O-O O-O 8. Qc2
d5 9. Ne5 Bb7 10. Bc3 Nbd7 11. Nxd7 Qxd7 12. Nd2 Rac8 13. e4 c5 14. exd5 exd5
15. dxc5 bxc5 16. Bxf6 Bxf6 17. Bxd5 Bxd5 18. cxd5 Qxd5 19. Nc4 Bd4 20. Ne3 Qg5
21. Rae1 g6 22. b3 Rfe8 23. Ng2 h5 24. Rxe8+ Rxe8 1/2-1/2

[Event "TCh-TUR 2011"]
[Site "Konya TUR"]
[Date "2011.06.29"]
[Round "2"]
[White "Dogantug, Ismail"]
[Black "Citak, Selim"]
[Result "0-1"]
[BlackTitle "FM"]
[WhiteElo "2218"]
[BlackElo "2356"]
[WhiteTeam "Deniz Genclik S.K."]
[BlackTeam "Besiktas Jimnastik Kulubu"]
[WhiteFideId "6300430"]
[BlackFideId "6301819"]
[EventDate "2011.06.28"]

1. e4 e5 2. Nf3 Nc6 3. Bb5 a6 4. Ba4 Nf6 5. Qe2 b5 6. Bb3 Bc5 7. d3 O-O 8. a4
Na5 9. Ba2 d6 10. Bg5 Be6 11. O-O b4 12. Bxe6 fxe6 13. Nbd2 Qe8 14. Bxf6 Rxf6
15. Nc4 Nxc4 16. dxc4 Qh5 17. Rad1 Raf8 18. Rd3 g5 19. h3 g4 20. Nh2 Rxf2 21.
Rxf2 Rxf2 22. Qxg4+ Qxg4 23. Nxg4 Rxc2+ 24. Kh2 Rxb2 25. Rg3 Kf8 26. Nf6 h6 27.
Ng4 Rb1 28. Rf3+ Ke8 29. Nxh6 b3 30. Rf6 b2 31. Rxe6+ Kd7 32. Rf6 Rd1 0-1

[Event "TCh-TUR 2011"]
[Site "Konya TUR"]
[Date "2011.06.29"]
[Round "2"]
[White "Apaydin, Fethi"]
[Black "Kose, Serkan"]
[Result "1-0"]
[WhiteElo "2198"]
[BlackElo "2150"]
[WhiteTeam "Besiktas Jimnastik Kulubu"]
[BlackTeam "Deniz Genclik S.K."]
[WhiteFideId "6302521"]
[BlackFideId "6301584"]
[EventDate "2011.06.28"]

1. e4 e5 2. Nc3 Nf6 3. g3 Bc5 4. Bg2 Nc6 5. h3 a6 6. Nge2 d6 7. O-O Be6 8. Nd5
Qd7 9. Kh2 O-O-O 10. c3 Bxd5 11. exd5 Ne7 12. b4 Ba7 13. c4 h5 14. d4 Qf5 15.
Bb2 Rh6 16. Qb1 e4 17. f3 e3 18. Qxf5+ Nxf5 19. h4 b5 20. Bh3 g6 21. cxb5 Nxd5
22. bxa6 Nxb4 23. Bc3 Nd5 24. Ba5 Kb8 25. Rab1+ Bb6 26. Nc3 Nxc3 27. Bxc3 Ka7
28. a4 Nxd4 29. Rxb6 cxb6 30. Bxd4 d5 31. Re1 g5 32. hxg5 Rc6 33. Bf1 Rc2+ 34.
Kh3 Re8 35. Bb5 Re6 36. a5 Rc5 37. axb6+ Kxb6 38. a7 Kxb5 39. a8=Q Rcc6 40. Qb7+ 1-0

[Event "TCh-TUR 2011"]
[Site "Konya TUR"]
[Date "2011.06.29"]
[Round "2"]
[White "Yilmazyerli, Mert"]
[Black "Topak, Engin"]
[Result "1-0"]
[WhiteTitle "FM"]
[BlackTitle "FM"]
[WhiteElo "2318"]
[BlackElo "2306"]
[WhiteTeam "Besiktas Jimnastik Kulubu"]
[BlackTeam "Deniz Genclik S.K."]
[WhiteFideId "6305962"]
[BlackFideId "6300324"]
[EventDate "2011.06.28"]

1. e4 Nf6 2. e5 Nd5 3. d4 d6 4. Nf3 Bg4 5. Be2 c6 6. O-O Bxf3 7. Bxf3 dxe5 8.
dxe5 e6 9. Nd2 Nd7 10. Re1 Qc7 11. Nc4 N7b6 12. Nxb6 Nxb6 13. Be4 Nd7 14. Bf4
Be7 15. Qf3 O-O-O 16. c3 h5 17. h3 g5 18. Bg3 Rdf8 19. Rad1 g4 20. hxg4 hxg4 21.
Qxg4 Nxe5 22. Qf4 f6 23. Bc2 Bd6 24. Bb3 Qe7 25. Qd4 Bc7 26. Qxa7 Rd8 27. Rxd8+
Rxd8 28. f4 Nd7 29. Bxe6 Qd6 30. Qd4 Qxd4+ 31. cxd4 Bb6 32. Bf2 Kb8 33. d5 Bxf2+
34. Kxf2 Nc5 35. Ke3 cxd5 36. Kd4 Na6 37. Bf7 Nb4 38. Re8 Rxe8 39. Bxe8 Kc7 40.
a3 Nc2+ 41. Kxd5 Ne3+ 42. Ke6 Nxg2 43. f5 Nf4+ 44. Kxf6 Kd6 45. Kg7 Ke5 46. f6
Ne6+ 47. Kf7 Nc7 48. Kg6 Ne6 49. f7 Kd6 50. Kf6 b6 51. Bb5 Nf8 52. Kg7 Ke7 53.
Kg8 Ne6 54. Bd3 1-0

[Event "TCh-TUR 2011"]
[Site "Konya TUR"]
[Date "2011.06.29"]
[Round "2"]
[White "Olcum, Ahmet"]
[Black "Emiroglu, Cankut"]
[Result "0-1"]
[WhiteElo "1920"]
[BlackElo "2216"]
[WhiteTeam "Deniz Genclik S.K."]
[BlackTeam "Besiktas Jimnastik Kulubu"]
[WhiteFideId "6311393"]
[BlackFideId "6306659"]
[EventDate "2011.06.28"]

1. e4 c5 2. d3 Nc6 3. g3 g6 4. Bg2 Bg7 5. Nc3 e6 6. Be3 d6 7. Qd2 Nd4 8. Nd1 Nf6
9. h3 e5 10. c3 Ne6 11. c4 O-O 12. Ne2 Nd4 13. Ndc3 Rb8 14. f4 a6 15. O-O b5 16.
Rae1 b4 17. Bxd4 exd4 18. Nd1 Nd7 19. g4 Bb7 20. Ng3 Qh4 21. Qf2 h6 22. Kh2 Rbe8
23. Bf3 Ba8 24. Re2 Nb8 25. Qg2 Nd7 26. Rg1 Qf6 27. f5 Qh4 28. Kh1 Be5 29. Nf1
Nf6 30. Nd2 Nh7 31. Nf2 Ng5 32. Ree1 Bf4 33. Nf1 Kh8 34. Re2 Rg8 35. fxg6 fxg6
36. Nh2 Bxh2 37. Kxh2 Rgf8 38. Rf1 Rxf3 0-1

[Event "TCh-TUR 2011"]
[Site "Konya TUR"]
[Date "2011.06.29"]
[Round "2"]
[White "Ererdem, Gani Eren"]
[Black "Ali Marandi, Cemil Can"]
[Result "0-1"]
[BlackTitle "FM"]
[WhiteElo "1996"]
[BlackElo "2265"]
[WhiteTeam "Deniz Genclik S.K."]
[BlackTeam "Besiktas Jimnastik Kulubu"]
[WhiteFideId "6310915"]
[BlackFideId "6300529"]
[EventDate "2011.06.28"]

1. Nf3 d5 2. d4 Nf6 3. g3 Bf5 4. Bg2 e6 5. O-O Nbd7 6. c4 c6 7. Qb3 b6 8. Rd1
Bd6 9. Nc3 Rc8 10. h3 dxc4 11. Qxc4 Bc2 12. Re1 b5 13. Nxb5 cxb5 14. Qxb5 O-O
15. Bd2 Qb6 16. Qxb6 Nxb6 17. b3 Ne4 18. Ba5 Nd5 19. Rec1 Ba3 20. Ne1 Bxc1 21.
Rxc1 Nxg3 22. fxg3 Bg6 23. Rc5 Rb8 24. e4 Nf6 25. e5 Ne4 26. Rc4 Rfc8 27. Kh2 f6
28. exf6 gxf6 29. h4 h5 30. Nd3 Rxc4 31. bxc4 Nd6 32. c5 Bxd3 33. cxd6 Bb5 34.
Bc7 Re8 35. Bf3 Kg7 36. Bxh5 Rh8 37. Be2 Bd7 38. Kg2 e5 39. d5 f5 40. a4 Kf7 41.
a5 e4 42. Kf2 Kf6 43. Ba6 Ke5 44. Bb7 f4 45. gxf4+ Kxf4 46. Bc6 Rh7 47. Bxd7
Rxd7 48. h5 e3+ 49. Ke2 Ke4 50. Bb8 Rg7 0-1

[Event "TCh-TUR 2011"]
[Site "Konya TUR"]
[Date "2011.06.29"]
[Round "2"]
[White "Kilicaslan, Hasan"]
[Black "Guliev, Logman"]
[Result "1/2-1/2"]
[WhiteTitle "IM"]
[BlackTitle "IM"]
[WhiteElo "2250"]
[BlackElo "2459"]
[WhiteTeam "Turk Hava Yollari S.K."]
[BlackTeam "Yapi Kredi Spor Kulubu"]
[WhiteFideId "6300391"]
[BlackFideId "13400061"]
[EventDate "2011.06.28"]

1. d4 Nf6 2. Nf3 e6 3. Bg5 Be7 4. Nbd2 b6 5. e3 Bb7 6. Bd3 d6 7. Qe2 c5 8. c3
Nbd7 9. Ba6 Bxa6 10. Qxa6 d5 11. Qe2 O-O 12. O-O Re8 13. Rfd1 h6 14. Bh4 Qc7 15.
Bg3 Bd6 16. Bxd6 Qxd6 17. c4 e5 18. dxe5 Nxe5 19. cxd5 Qxd5 20. Nxe5 Qxe5 21.
Nc4 Qe7 22. a4 Rad8 23. Rxd8 Rxd8 24. Rd1 Rd4 25. Kf1 Rh4 26. Qd3 Qe6 27. b3
Rxh2 28. Qd8+ Kh7 29. Qd3+ g6 30. Kg1 Rh5 31. Qd6 Qg4 32. f3 Qf5 33. e4 Qg5 34.
Qf8 Ng8 35. Rd8 Rh1+ 1/2-1/2

[Event "TCh-TUR 2011"]
[Site "Konya TUR"]
[Date "2011.06.29"]
[Round "2"]
[White "Erbis, Baris"]
[Black "Guner, Bulent"]
[Result "1/2-1/2"]
[WhiteElo "1933"]
[BlackElo "2135"]
[WhiteTeam "Turk Hava Yollari S.K."]
[BlackTeam "Yapi Kredi Spor Kulubu"]
[WhiteFideId "6305202"]
[BlackFideId "6300553"]
[EventDate "2011.06.28"]

1. d3 d5 2. Nf3 Nf6 3. g3 g6 4. Bg2 Bg7 5. O-O O-O 6. Nbd2 c5 7. e4 Nc6 8. c3 h6
9. h3 e5 10. Re1 Be6 11. exd5 Nxd5 12. Nc4 Qc7 13. Qe2 Rfe8 14. Bd2 Rad8 15. Ne3
Nxe3 16. Bxe3 Bf5 17. Rad1 Qc8 18. Bxc5 Bxh3 19. Bxh3 Qxh3 20. d4 e4 21. Ne5
Nxe5 22. dxe5 Rxd1 23. Rxd1 Rxe5 24. Bxa7 Qe6 25. Rd8+ Kh7 26. Bd4 Rd5 27. Rxd5
Qxd5 28. Bxg7 Kxg7 29. b3 h5 30. Qe3 Qd3 31. Kg2 Qc2 32. Qd4+ Kg8 33. Qd8+ Kg7
34. Qd4+ Kg8 1/2-1/2

[Event "TCh-TUR 2011"]
[Site "Konya TUR"]
[Date "2011.06.29"]
[Round "2"]
[White "Yaka, Beyza"]
[Black "Menzi, Nezihe Ezgi"]
[Result "0-1"]
[WhiteElo "1525"]
[BlackElo "1868"]
[WhiteTeam "Turk Hava Yollari S.K."]
[BlackTeam "Yapi Kredi Spor Kulubu"]
[WhiteFideId "6303641"]
[BlackFideId "6310060"]
[EventDate "2011.06.28"]

1. e4 c5 2. c3 d5 3. exd5 Qxd5 4. d4 Nf6 5. Nf3 Bg4 6. Be2 e6 7. h3 Bh5 8. Be3
cxd4 9. cxd4 Bb4+ 10. Nbd2 O-O 11. O-O Nc6 12. Nb3 Rfd8 13. Rc1 Rac8 14. a3 Be7
15. Nbd2 Qd7 16. Ne5 Bxe2 17. Nxd7 Bxd1 18. Nxf6+ Bxf6 19. Rfxd1 Bxd4 20. Bxd4
Nxd4 21. Rxc8 Rxc8 22. Kf1 Kf8 23. Ne4 Rd8 24. Rc1 Ke7 25. Ke1 Rd7 26. Rc4 f5
27. Nc5 Rc7 28. Rxd4 Rxc5 29. Rd2 g5 30. f3 h5 31. Kf2 b6 32. g3 Rd5 33. Rc2 Rc5
34. Rd2 Rd5 35. Rc2 Kd6 36. Ke2 Rc5 37. Rd2+ Ke5 38. Kf2 a5 39. Kg2 Rd5 40. Re2+
Kd6 41. Rc2 Rc5 42. Rd2+ Kc6 43. Kf2 Kb5 44. Re2 e5 45. Ke3 Ka4 46. Kd2 Kb3 47.
Kd1 b5 48. Rd2 b4 49. axb4 axb4 50. Re2 Rd5+ 51. Ke1 Rc5 52. Kd1 Ra5 53. Ke1 Rc5
54. Kd1 h4 55. g4 fxg4 56. fxg4 Rd5+ 57. Ke1 Kc4 58. Re4+ Kb3 59. Ke2 Rc5 60.
Kd1 Kxb2 61. Rxb4+ Kc3 62. Re4 Kd3 63. Ra4 e4 64. Ra3+ Kd4 65. Ra4+ Ke3 66. Ra3+
Kf4 67. Ke1 Rc2 68. Kf1 e3 69. Ra5 Rf2+ 70. Ke1 Rh2 71. Rf5+ Kg3 72. Rxg5 Rxh3
73. Ke2 Kf4 74. Rg8 0-1

[Event "TCh-TUR 2011"]
[Site "Konya TUR"]
[Date "2011.06.29"]
[Round "2"]
[White "Gundogan, Sinem Cagla"]
[Black "Keskin, Suara"]
[Result "0-1"]
[WhiteElo "1433"]
[BlackElo "1693"]
[WhiteTeam "Turk Hava Yollari S.K."]
[BlackTeam "Yapi Kredi Spor Kulubu"]
[WhiteFideId "6325378"]
[BlackFideId "6332650"]
[EventDate "2011.06.28"]

1. e4 c5 2. Nf3 Nc6 3. d4 cxd4 4. Nxd4 Nf6 5. Nc3 e5 6. Nb3 Bb4 7. Bd3 d5 8.
exd5 Nxd5 9. Bd2 Bxc3 10. Bxc3 Nxc3 11. bxc3 O-O 12. O-O Qc7 13. Re1 Re8 14. Nc5
Ne7 15. Qh5 Ng6 16. Ne4 Nf4 17. Nf6+ gxf6 18. Qxh7+ Kf8 19. Qh6+ Ke7 20. Qxf4
Qxc3 21. Qe4 Rh8 22. Rab1 a5 23. Bc4 Rd8 24. Bd5 Rb8 25. Re3 Qd2 26. Bb3 Rd4 27.
Rd3 Qxf2+ 28. Kxf2 Rxe4 29. Bd5 Rf4+ 30. Kg1 b5 31. Rdb3 Bd7 32. c4 b4 33. a3
Bf5 34. Ra1 Bc2 35. Rb2 b3 36. Rc1 a4 37. g3 Rd4 38. h4 Rg8 39. Kh2 Rd2+ 40. Bg2
Rd3 41. Be4 Rdxg3 42. Bxc2 bxc2 43. Rb7+ Ke6 44. Rb6+ Kf5 45. Rxc2 Kg4 46. Rxf6
Rh3+ 47. Kg1 Kxh4+ 48. Kf1 Rxa3 49. Rh2+ Kg5 50. Rxf7 Ra1+ 51. Kg2 Ra2+ 52. Kg3
Rxh2 53. Kxh2 Rc8 54. Rg7+ Kf5 55. c5 Rxc5 56. Ra7 Rc4 57. Kg3 Ke4 58. Kf2 Kd3
59. Ke1 e4 60. Rd7+ Rd4 61. Rh7 e3 62. Rh3 Rc4 63. Kd1 a3 0-1

[Event "TCh-TUR 2011"]
[Site "Konya TUR"]
[Date "2011.06.29"]
[Round "2"]
[White "Sengul, Cengiz"]
[Black "Arduman, Can"]
[Result "0-1"]
[BlackTitle "IM"]
[WhiteElo "2225"]
[BlackElo "2349"]
[WhiteTeam "Mersin Ezgi Satranc Kulubu"]
[BlackTeam "Tarsus Zeka Satranc S.K."]
[WhiteFideId "6302785"]
[BlackFideId "6300022"]
[EventDate "2011.06.28"]

1. c4 g6 2. Nf3 Bg7 3. g3 c5 4. Bg2 Nc6 5. O-O e5 6. Nc3 Nge7 7. d3 O-O 8. Rb1
d6 9. a3 a5 10. Ne1 Be6 11. Nc2 d5 12. cxd5 Nxd5 13. Ne3 Nde7 14. Nc4 Rb8 15. f4
b5 16. Nxe5 Nxe5 17. fxe5 Qd4+ 18. Kh1 Bxe5 19. e3 Qd6 20. Ne4 Qb6 21. Ng5 Rbd8
22. Nxe6 Qxe6 23. Qc2 Qd6 24. b4 cxb4 25. d4 Bg7 26. axb4 axb4 27. Qb3 Nd5 28.
Bd2 Nc3 29. Bxc3 bxc3 30. Qxc3 Rb8 31. Rb3 Rfc8 32. Qd3 b4 33. Rfb1 Rb6 34. Rd1
f5 35. e4 fxe4 36. Qxe4 Rd8 37. d5 Bc3 38. Bh3 Kg7 39. Be6 Qe5 40. Qxe5+ Bxe5
41. Rdb1 Bd6 42. Rf1 Rf8 43. Kg2 Rxf1 44. Kxf1 Ra6 45. Rf3 Ra1+ 46. Kg2 Ra2+ 47.
Kh1 Ra7 48. Kg2 Rb7 49. Rb3 Ra7 50. Rf3 Rb7 51. Rb3 Kf6 52. Kf3 Ke5 53. Ke3 Rc7
54. Kd3 Rc1 55. Bg8 h6 56. Bf7 g5 57. g4 Rd1+ 58. Kc2 Rf1 59. Be6 Kd4 60. h3 Kc4
61. Re3 b3+ 62. Kb2 Rf2+ 63. Kb1 Kb4 64. Bf5 Ka3 65. Re1 Rb2+ 66. Ka1 Rd2 67.
Kb1 Bb4 68. Rc1 Rxd5 69. Be6 Re5 70. Bc4 Re3 71. Rh1 Rc3 72. Be6 Rc2 73. Bf5
Rb2+ 74. Kc1 Bd2+ 75. Kd1 Bf4 76. Be4 Rd2+ 77. Ke1 Ka2 78. Rf1 Rh2 79. Rf3 Rh1+
80. Ke2 Rh2+ 81. Ke1 Bd2+ 82. Kf1 b2 83. Bd5+ Kb1 84. Be4+ 0-1

[Event "TCh-TUR 2011"]
[Site "Konya TUR"]
[Date "2011.06.29"]
[Round "2"]
[White "Nikolova, Adriana"]
[Black "Zimina, Olga"]
[Result "1/2-1/2"]
[WhiteTitle "WIM"]
[BlackTitle "IM"]
[WhiteElo "2333"]
[BlackElo "2346"]
[WhiteTeam "Mersin Ezgi Satranc Kulubu"]
[BlackTeam "Tarsus Zeka Satranc S.K."]
[WhiteFideId "2908689"]
[BlackFideId "4132190"]
[EventDate "2011.06.28"]

1. e4 e5 2. Nf3 Nc6 3. Bb5 Nf6 4. O-O Nxe4 5. d4 Nd6 6. Bg5 Be7 7. Bxe7 Qxe7 8.
Bxc6 dxc6 9. dxe5 Nf5 10. Qe2 Bd7 11. Nbd2 O-O-O 12. a4 g5 13. Nb3 Be6 14. Qe4
Kb8 15. a5 g4 16. Nfd4 Nxd4 17. Nxd4 Bd5 18. Qf4 c5 19. Nf5 Qe6 20. Ne3 Bc6 21.
Rfd1 Rdg8 22. Ra3 h5 23. Rad3 a6 24. Qf6 Qxf6 25. exf6 Re8 26. Nd5 c4 27. Rd4
Bxd5 28. Rxd5 Re6 29. Rc5 Rxf6 30. Rxc4 Rf5 31. b4 Re8 32. Kf1 Kc8 33. g3 Re6
34. Rd2 b6 35. axb6 Rxb6 36. Kg2 Rbf6 37. Rcd4 a5 38. bxa5 Rxa5 39. h3 Rg5 40.
Rc4 gxh3+ 41. Kxh3 Rf3 42. Re2 Kd7 43. Rd4+ Kc6 44. Rd3 Rxd3 45. cxd3 Rf5 46. f4
Kd5 47. Rc2 Kd6 48. Rc4 c5 49. Ra4 Ke7 50. Ra5 Ke6 51. Ra6+ Kd5 52. Ra4 Ke6 53.
Kg2 Rd5 54. Ra3 Kf5 55. Kf3 Rd4 56. Rb3 f6 57. Ra3 Rd8 58. Rc3 Rd5 59. Ra3 Rd8 1/2-1/2

[Event "TCh-TUR 2011"]
[Site "Konya TUR"]
[Date "2011.06.29"]
[Round "2"]
[White "Uzun, Sarp"]
[Black "Bolat, Ahmet"]
[Result "0-1"]
[WhiteElo "1967"]
[BlackElo "2074"]
[WhiteTeam "Tarsus Zeka Satranc S.K."]
[BlackTeam "Mersin Ezgi Satranc Kulubu"]
[WhiteFideId "6310362"]
[BlackFideId "6327923"]
[EventDate "2011.06.28"]

1. e4 e6 2. d4 d5 3. exd5 exd5 4. Bd3 Bd6 5. c3 Ne7 6. Qh5 Nbc6 7. Ne2 Be6 8.
Bf4 Qd7 9. Bxd6 Qxd6 10. Na3 O-O-O 11. Nc2 g6 12. Qf3 Bf5 13. O-O Bxd3 14. Qxd3
Nf5 15. b4 Rhe8 16. a4 Qe6 17. Rfe1 Qe4 18. Qd2 Nh4 19. Nf4 Qxg2+ 20. Nxg2 Nf3+
21. Kh1 Nxd2 22. f4 Ne4 23. Re3 Ne7 24. Kg1 Nf5 25. Rd3 Re7 26. Nge3 Nxe3 27.
Nxe3 Nf6 28. h3 Nh5 29. Rf1 Re4 30. Ng2 f5 31. Rd2 Rde8 32. Rff2 Kd7 33. Kh2 Ke6
34. Rc2 Kd6 35. Rcd2 R4e6 36. Rb2 Kd7 37. Rbd2 Nf6 38. Rc2 Ne4 39. Rfe2 Nd6 40.
Rxe6 Rxe6 41. Kg3 Ne4+ 42. Kf3 Rc6 43. h4 Rxc3+ 44. Rxc3 0-1

[Event "TCh-TUR 2011"]
[Site "Konya TUR"]
[Date "2011.06.29"]
[Round "2"]
[White "Sumer, Gun"]
[Black "Ozmen, Mustafa Lutfi Poyraz"]
[Result "1-0"]
[WhiteElo "1828"]
[BlackElo "1670"]
[WhiteTeam "Mersin Ezgi Satranc Kulubu"]
[BlackTeam "Tarsus Zeka Satranc S.K."]
[WhiteFideId "6311784"]
[BlackFideId "6329420"]
[EventDate "2011.06.28"]

1. e4 c5 2. Nf3 d6 3. d4 cxd4 4. Qxd4 Nc6 5. Bb5 Bd7 6. Bxc6 Bxc6 7. Nc3 Nf6 8.
Bg5 e6 9. O-O-O Be7 10. Qd3 O-O 11. Nd4 Qa5 12. f4 Rfd8 13. Kb1 Rac8 14. h4 b5
15. e5 Nd5 16. Nxd5 Bxg5 17. Nxc6 Rxc6 18. hxg5 exd5 19. Qxh7+ Kf8 20. Qh8+ Ke7
21. exd6+ Rdxd6 22. Qxg7 Qa4 23. Rde1+ Re6 24. Qf6+ Kd6 25. Rxe6+ fxe6 26. Qe5+
Kc5 27. b3 Qe4 28. Qxe4 dxe4 29. c3 b4 30. g6 Rc8 31. Rh5+ Kd6 32. c4 Rf8 33. g7
Rg8 34. Rg5 Ke7 35. Kc1 Kf7 36. Kd2 Rd8+ 37. Ke3 Kg8 38. Kxe4 Rd2 39. Ke5 Rxa2
40. Kf6 Ra6 41. Re5 Rb6 42. Rb5 e5+ 43. Rxb6 axb6 44. fxe5 b5 45. cxb5 1-0

[Event "TCh-TUR 2011"]
[Site "Konya TUR"]
[Date "2011.06.29"]
[Round "2"]
[White "Sevgi, Volkan"]
[Black "Benzetsel, Ekim"]
[Result "1-0"]
[WhiteElo "1912"]
[BlackElo "1778"]
[WhiteTeam "Mersin Ezgi Satranc Kulubu"]
[BlackTeam "Tarsus Zeka Satranc S.K."]
[WhiteFideId "6325335"]
[BlackFideId "6332749"]
[EventDate "2011.06.28"]

1. e4 c5 2. c3 g6 3. Nf3 Bg7 4. d4 cxd4 5. cxd4 d5 6. exd5 Nf6 7. Qa4+ Bd7 8.
Qb3 Qb6 9. Qxb6 axb6 10. Nc3 O-O 11. Bf4 Na6 12. Bxa6 bxa6 13. O-O Bg4 14. Ne5
Rfe8 15. Bg5 Bf5 16. Rfe1 b5 17. Nc6 Kf8 18. Bf4 Nh5 19. Bc7 Bf6 20. d6 exd6 21.
Bxd6+ Kg8 22. Nd5 Bd7 23. Ne5 Bxe5 24. dxe5 Ra7 25. g3 Bc6 26. Nb4 Ba8 27. Rac1
Ng7 28. f4 Ne6 29. Red1 Bf3 30. Rd2 Raa8 31. Kf2 Bb7 32. Ke3 Rac8 33. Rdc2 Rcd8
34. Kf2 h5 35. Nc6 Rd7 36. h3 Kg7 37. Na5 Bd5 38. Rd2 Ba8 39. Nb3 Red8 40. Rcd1
Kg8 41. Ke3 Rc8 42. Na5 h4 43. g4 g5 44. f5 Nf4 45. e6 fxe6 46. Bxf4 gxf4+ 47.
Kxf4 e5+ 48. Kxe5 Re8+ 49. Kf4 Re4+ 50. Kg5 Rg7+ 51. Kxh4 Rh7+ 52. Kg3 Re3+ 53.
Kf2 Rf3+ 54. Ke1 Rhxh3 55. Rd8+ Kg7 56. Rxa8 Rh2 57. Rd2 1-0